Visualizzazione normale
Vista MARC
- Tharp Twyla
di Personal Name
Records bibliografici associati: 1
001 - CONTROL NUMBER
- control field: 52309
003 - CONTROL NUMBER IDENTIFIER
- control field: IT-RoPau
005 - DATE AND TIME OF LATEST TRANSACTION
- control field: 20151202215741.0
008 - FIXED-LENGTH DATA ELEMENTS
- fixed length control field: 151202|| aca||aabn | a|a d
040 ## - CATALOGING SOURCE
- Original cataloging agency: IT-RoPau
- Transcribing agency: IT-RoPau
100 ## - HEADING--PERSONAL NAME
- Personal name: Tharp Twyla
- Relator term: (regista)
- Miscellaneous information: Codice regista SPICS: 1791
670 ## - SOURCE DATA FOUND
- Source citation: Work cat.: (IT-RoPau)107489: Tharp Twyla Codice regista SPICS: 1791 52305, CATHERINE WHEEL (THE) CATHERINE WHEEL (THE) (Rif. Codice opera principale : 37338)